000 00569nam a2200241 a 4500
001 nice12345678
003 IN_TiNIC
005 20260116011729.0
008 050524s1971 boma grp 000 0 eng
020 _a
_c100
082 0 0 _a248.32
_bSIN1
100 _aSingh, Bakht
245 _aVoice of the Lord
260 _aBombay
_bGospel Literature Service
_c1971
300 _a56p
500 _aincludes index and biblioraphy
505 2 _aIndex
650 _aPrayer-Christianity
700 1 _aSingh, Bakht
902 _bSRS
942 _cBK
999 _c3577
_d3577